000 01692nam a2200253Ia 4500
999 _c52044
_d52044
001 19048
003 GE_BSU
005 20210421172405.0
008 181216s2013||||ge |||||||||||||| ||geo||
040 _cGE_BSU
041 _ageo
080 _a81 მ-74
100 _aმიქელაძე, ნინო
_911503
245 _aენის სწავლების ტექნოლოგიები სტუდენტთა ინდივიდუალური თავისებურებების გათვალისწინებით /
_cნინო მიქელაძე; სამეცნიერო ხელმძღვანელი ნ. იმედაძე. ნ. სტამბოლიშვილი; ბათუმის შოთა რუსთაველის სახ-ფო უნ-ტი.
264 _aბათუმი,
_c2013.
300 _a161 გვ. ;
_b30 სმ.
653 _aდისერტაცია
653 _aენათმეცნიერება
653 _aენის სწავლების ტექნოლოგიები სტუდენტთა ინდივიდუალური თავისებურებების გათვალისწინებით
700 _aიმედაძე, ნ.
_eსამეცნიერო ხელმძღვანელი
_911504
700 _aსტამბოლიშვილი, ნ.
_eსამეცნიერო ხელმძღვანელი
_911389
710 _aბათუმის შოთა რუსთაველის სახ-ფო უნ-ტი.
_911505
942 _cBK
_2udc